PARAMARTHA GURU KATHAIGAL / (Record no. 172589)

MARC details
000 -LEADER
fixed length control field 01014nam a22002777i 4500
005 - DATE AND TIME OF LATEST TRANSACTION
control field 20190516143230.0
008 - FIXED-LENGTH DATA ELEMENTS--GENERAL INFORMATION
fixed length control field 190516r20161990ii a j 000 f tam d
020 ## - INTERNATIONAL STANDARD BOOK NUMBER
International Standard Book Number 9788183455114
Qualifying information paperback
Terms of availability RM18.00
040 ## - CATALOGING SOURCE
Original cataloging agency PPAK
Language of cataloging eng
Transcribing agency PPAK
Description conventions rda
082 04 - DEWEY DECIMAL CLASSIFICATION NUMBER
Classification number 398.2
Edition number 23
090 00 - LOCALLY ASSIGNED LC-TYPE CALL NUMBER (OCLC); LOCAL CALL NUMBER (RLIN)
Classification number (OCLC) (R) ; Classification number, CALL (RLIN) (NR) 398.2
Feature heading THA
Feature heading K
100 0# - MAIN ENTRY--PERSONAL NAME
Linkage 880-01
Personal name Tharasan,
Relator term author.
245 10 - TITLE STATEMENT
Linkage 880-02
Title PARAMARTHA GURU KATHAIGAL /
Statement of responsibility, etc. Tharasan
250 ## - EDITION STATEMENT
Edition statement Fifth Edition.
264 #1 - PRODUCTION, PUBLICATION, DISTRIBUTION, MANUFACTURE, AND COPYRIGHT NOTICE
Linkage 880-03
Place of production, publication, distribution, manufacture Chennai :
Name of producer, publisher, distributor, manufacturer Kavitha Publication,
Date of production, publication, distribution, manufacture, or copyright notice 2016
300 ## - PHYSICAL DESCRIPTION
Extent 112 pages :
Other physical details illustrations ;
Dimensions 18 cm
336 ## - CONTENT TYPE
Source rdacontent
Content type term text
337 ## - MEDIA TYPE
Source rdamedia
Media type term unmediated
338 ## - CARRIER TYPE
Source rdacarrier
Carrier type term volume
650 10 - SUBJECT ADDED ENTRY--TOPICAL TERM
Topical term or geographic name entry element Folklore
Form subdivision Juvenile literature
Topical term or geographic name entry element Tales
Form subdivision Juvenile literature
880 0# - ALTERNATE GRAPHIC REPRESENTATION
Linkage 100-01
a தராசன்,
e author.
Linkage 245-02
a பரமார்த்த குரு கதைகள் /
c தராசன்
Linkage 264-03
a சென்னை :
b கவிதா பப்ளிகேஷன்,
c 2016
942 ## - ADDED ENTRY ELEMENTS (KOHA)
Source of classification or shelving scheme Dewey Decimal Classification
Koha item type Book
Holdings
Withdrawn Not for loan Current library Shelving location Date acquired Total Checkouts Full call number Barcode Date last seen Date last checked out Koha item type Checked out
    Perpustakaan Alor Setar Pinjaman Kanak-kanak 29/05/2019 1 K 398.2 THA A01599426 11/01/2020 24/12/2019 Book  
    Perpustakaan Kulim Pinjaman Kanak-kanak 29/05/2019 3 K 398.2 THA A01599427 24/06/2026 24/06/2026 Book 15/07/2026